[Event "?"]
[Site "?"]
[Date "2004.03.28"]
[Round "8.48"]
[White "Karahaliou, E."]
[Black "Hielscher, U."]
[Result "1-0"]
[WhiteElo "2132"]
[BlackElo "1974"]
[PlyCount "103"]
[EventDate "2004.??.??"]

1. e4 e6 2. d4 d5 3. Nd2 c5 4. Ngf3 cxd4 5. exd5 Qxd5 6. Bc4 Qd6 7. O-O Nf6 8.
Nb3 Nc6 9. Nbxd4 Nxd4 10. Nxd4 a6 11. c3 Be7 12. Qf3 Qc7 13. Bb3 O-O 14. Re1
Bd6 15. h3 Bd7 16. Bg5 Bc6 17. Nxc6 Qxc6 18. Qxc6 bxc6 19. Rad1 Be7 20. Kf1
Rab8 21. Bc1 Rfd8 22. Rxd8+ Rxd8 23. Rd1 Ne4 24. Rxd8+ Bxd8 25. Ke2 h6 26. Ba4
c5 27. Bc6 Nd6 28. b4 cxb4 29. cxb4 Nb5 30. Kd3 Kf8 31. a4 Nc7 32. Be3 Ke7 33.
Bc5+ Kf6 34. b5 axb5 35. axb5 e5 36. b6 Na6 37. Kc4 Ke6 38. Bb5 Nb8 39. b7 Bc7
40. Bf8 g6 41. Bxh6 e4 42. Be3 f5 43. g3 Ba5 44. Bf4 Be1 45. Bxb8 Bxf2 46. Bf4
Ba7 47. b8=Q Bxb8 48. Bxb8 Kf6 49. Kd4 g5 50. Bc7 f4 51. gxf4 gxf4 52. Kxe4 1-0

[Event "?"]
[Site "?"]
[Date "2004.03.28"]
[Round "8.49"]
[White "Grossmann, S."]
[Black "Schulz, S."]
[Result "1/2-1/2"]
[WhiteElo "1977"]
[BlackElo "2079"]
[PlyCount "57"]
[EventDate "2004.??.??"]

1. e4 c5 2. c4 g6 3. Nc3 Bg7 4. g3 Nc6 5. Bg2 Nf6 6. Nge2 O-O 7. O-O Ne8 8. a3
Nc7 9. Rb1 d6 10. b4 Ne6 11. d3 Rb8 12. Be3 h6 13. f4 Ned4 14. b5 Nxe2+ 15.
Nxe2 Nd4 16. Nxd4 Bxd4 17. Bxd4 cxd4 18. Qe2 e5 19. Qd2 Qe7 20. a4 Kg7 21. Qb4
f6 22. Rf2 Be6 23. Rbf1 Qc7 24. Rb1 Qc5 25. fxe5 fxe5 26. Qb2 Rxf2 27. Qxf2 Rf8
28. Qb2 Rf6 29. Rf1 1/2-1/2

[Event "?"]
[Site "?"]
[Date "2004.03.28"]
[Round "8.51"]
[White "Acar, G."]
[Black "Von Herman, B."]
[Result "1-0"]
[WhiteElo "1888"]
[BlackElo "2066"]
[PlyCount "59"]
[EventDate "2004.??.??"]

1. e4 e5 2. Nf3 Nc6 3. Bb5 a6 4. Ba4 Nf6 5. O-O b5 6. Bb3 Be7 7. c3 O-O 8. Re1
d6 9. d3 Bg4 10. h3 Bd7 11. d4 h6 12. Nbd2 Re8 13. Nf1 Bf8 14. Ng3 Na5 15. Bc2
c5 16. d5 Nb7 17. Be3 a5 18. Nd2 g5 19. c4 b4 20. Ba4 Bxa4 21. Qxa4 Qd7 22. Qd1
a4 23. Qf3 a3 24. Qxf6 axb2 25. Rab1 Bg7 26. Nh5 Bxf6 27. Nxf6+ Kg7 28. Nxd7
Red8 29. Nxc5 Nxc5 30. Bxc5 1-0

[Event "?"]
[Site "?"]
[Date "2004.03.28"]
[Round "8.52"]
[White "Cavusoglu, Y."]
[Black "Bayrak, A."]
[Result "1/2-1/2"]
[WhiteElo "2013"]
[BlackElo "1898"]
[PlyCount "43"]
[EventDate "2004.??.??"]

1. d4 d5 2. c4 c6 3. cxd5 cxd5 4. Nf3 Nf6 5. Nc3 Nc6 6. Bf4 Bf5 7. e3 e6 8. Bb5
Nd7 9. Bxc6 bxc6 10. O-O Be7 11. Rc1 O-O 12. Na4 Rc8 13. Ne5 Nxe5 14. Bxe5 Qa5
15. a3 Qb5 16. Rc3 Rfd8 17. f3 c5 18. dxc5 Bxc5 19. Rxc5 Rxc5 20. Nxc5 Qxc5 21.
Bd4 Qc7 22. Qa4 1/2-1/2

[Event "?"]
[Site "?"]
[Date "2004.03.31"]
[Round "10.1"]
[White "Peng, Z."]
[Black "Zhukova, N."]
[Result "1/2-1/2"]
[WhiteElo "2419"]
[BlackElo "2462"]
[PlyCount "68"]
[EventDate "2004.03.21"]

1. d4 d5 2. c4 c6 3. cxd5 cxd5 4. Nc3 Nf6 5. Bf4 Nc6 6. e3 Ne4 7. Nge2 Nxc3 8.
Nxc3 e6 9. Bd3 Be7 10. Rc1 O-O 11. O-O Bd7 12. Qh5 f5 13. g4 Be8 14. Qh3 Bg6
15. gxf5 Bxf5 16. Bxf5 Rxf5 17. Ne2 Qd7 18. Bg3 Raf8 19. Nf4 Bd6 20. Nd3 Rf3
21. Rfd1 Nb4 22. Nxb4 Bxb4 23. Qh5 Bd6 24. Rd2 R3f5 25. Qd1 h5 26. Bxd6 Qxd6
27. f4 Qb6 28. Rc3 Kh7 29. Rg2 Kh6 30. h4 g6 31. Qa4 e5 32. Rb3 Qd8 33. Rxb7
Qxh4 34. Qxa7 Qe1+ 1/2-1/2

[Event "?"]
[Site "?"]
[Date "2004.03.31"]
[Round "10.3"]
[White "Socko, M."]
[Black "Slavina, I."]
[Result "1/2-1/2"]
[WhiteElo "2415"]
[BlackElo "2413"]
[PlyCount "51"]
[EventDate "2004.03.21"]

1. d4 d5 2. c4 dxc4 3. e3 Be6 4. Na3 Nf6 5. Nf3 Bd5 6. Nxc4 e6 7. Bd3 c5 8. O-O
cxd4 9. exd4 Be7 10. Nce5 O-O 11. Qe2 Nc6 12. Rd1 Rc8 13. Bg5 Nxe5 14. dxe5 Nd7
15. Bxe7 Qxe7 16. Be4 Nb6 17. Rd4 Rc4 18. Rxc4 Bxc4 19. Qe3 Rd8 20. b3 Bd5 21.
h3 Bxe4 22. Qxe4 h6 23. Rc1 Nd5 24. Qa4 a6 25. Qa5 Qd7 26. Kh2 1/2-1/2

[Event "?"]
[Site "?"]
[Date "2004.03.31"]
[Round "10.4"]
[White "Danielian, E."]
[Black "Foisor, C."]
[Result "0-1"]
[WhiteElo "2428"]
[BlackElo "2404"]
[PlyCount "52"]
[EventDate "2004.03.21"]

1. d4 g6 2. e4 Bg7 3. Nc3 d6 4. g3 Nf6 5. Bg2 O-O 6. Nge2 e5 7. O-O c6 8. a4 a5
9. h3 Na6 10. Be3 Nb4 11. dxe5 dxe5 12. Qc1 Be6 13. b3 Qe7 14. Nb1 Nd7 15. Na3
f5 16. exf5 gxf5 17. Re1 Qf7 18. Bh6 f4 19. Bxg7 Qxg7 20. Nxf4 Rxf4 21. gxf4
Bxh3 22. Kf1 Bxg2+ 23. Ke2 Nb6 24. Qe3 exf4 25. Qxf4 Re8+ 26. Kd2 Qd7+ 0-1

[Event "?"]
[Site "?"]
[Date "2004.03.31"]
[Round "10.5"]
[White "Kosintseva, T."]
[Black "Zielinska, M."]
[Result "1-0"]
[WhiteElo "2447"]
[BlackElo "2414"]
[PlyCount "109"]
[EventDate "2004.03.21"]

1. e4 e6 2. d4 d5 3. Nc3 Bb4 4. e5 c5 5. a3 Bxc3+ 6. bxc3 Nc6 7. h4 Qa5 8. Bd2
Qa4 9. Nf3 c4 10. h5 f6 11. h6 g6 12. Bf4 g5 13. Bd2 g4 14. Nh4 fxe5 15. dxe5
Bd7 16. Be2 O-O-O 17. Bf4 Qa5 18. Qd2 Nge7 19. Bxg4 d4 20. cxd4 c3 21. Qd3 Nd5
22. Be3 Qa4 23. Bd1 Na5 24. Nf3 Nc4 25. Bc1 Bb5 26. Qe4 Nb2 27. Be2 Bc6 28. O-O
Nb4 29. Qg4 Nxc2 30. Bxb2 cxb2 31. Rab1 Qb3 32. Bd1 Rhg8 33. Bxc2 Qxc2 34. Ng5
Qd2 35. f4 Qxd4+ 36. Rf2 Rg6 37. Rbxb2 Rxh6 38. Rb1 Rg6 39. Qh3 Qd5 40. Qxh7
Rdg8 41. Rc1 R8g7 42. Qh8+ Rg8 43. Qh4 Kb8 44. Rfc2 Rf8 45. Rxc6 Qd4+ 46. Kh1
bxc6 47. Rb1+ Ka8 48. Qh7 Rh6+ 49. Qxh6 Qxf4 50. Qxe6 Rh8+ 51. Nh3 Qe4 52. Rc1
Kb7 53. Qb3+ Ka8 54. Qc3 Kb7 55. Qb4+ 1-0

[Event "?"]
[Site "?"]
[Date "2004.03.31"]
[Round "10.6"]
[White "Peptan, C."]
[Black "Zimina, O."]
[Result "1-0"]
[WhiteElo "2439"]
[BlackElo "2408"]
[PlyCount "143"]
[EventDate "2004.03.21"]

1. e4 c6 2. d4 d5 3. Nc3 dxe4 4. Nxe4 Bf5 5. Ng3 Bg6 6. Be2 e6 7. h4 h6 8. Bf4
Bh7 9. Bd3 Bxd3 10. Qxd3 Nf6 11. Bd2 Qc7 12. O-O-O Nbd7 13. Nh5 O-O-O 14. Qf3
Rg8 15. Kb1 Be7 16. c4 Nxh5 17. Qxh5 Rgf8 18. Ba5 b6 19. Bc3 Nf6 20. Qf3 Rd7
21. Ne2 Rfd8 22. g4 e5 23. g5 e4 24. Qg2 hxg5 25. hxg5 Ne8 26. Bd2 Nd6 27. Bf4
Qb7 28. Bxd6 Rxd6 29. Qxe4 Re6 30. Qg4 Qd7 31. Ng3 Rg6 32. Qxd7+ Kxd7 33. f4 f6
34. Ne4 fxg5 35. fxg5 Re8 36. Rhg1 Bd8 37. Rg4 Rge6 38. Nd2 Re1 39. Kc2 Rxd1
40. Kxd1 Re3 41. Nf1 Rh3 42. Ke2 Ke6 43. Re4+ Kf5 44. Re5+ Kf4 45. Re6 Bxg5 46.
Rxc6 Rh8 47. Re6 Bd8 48. Kd3 g5 49. Ne3 Rg8 50. Re4+ Kf3 51. Ng4 Bc7 52. Nf6
Rf8 53. Re3+ Kg2 54. Re2+ Kf3 55. Ne4 Bf4 56. Rf2+ Kg4 57. b4 Rh8 58. c5 Kf5
59. Ng3+ Ke6 60. Ne2 Rh3+ 61. Kc4 Be3 62. Rf8 g4 63. d5+ Ke7 64. Rg8 bxc5 65.
bxc5 Rh4 66. d6+ Kd7 67. Rg7+ Kc8 68. c6 Rh8 69. Rxg4 Bb6 70. Nc3 Bd8 71. Ne4
Rh2 72. Rg8 1-0

[Event "?"]
[Site "?"]
[Date "2004.03.31"]
[Round "10.7"]
[White "Lomineishvili, M."]
[Black "Arakhamia-Grant, K."]
[Result "1/2-1/2"]
[WhiteElo "2397"]
[BlackElo "2435"]
[PlyCount "90"]
[EventDate "2004.03.21"]

1. d4 Nf6 2. c4 c5 3. d5 b5 4. cxb5 a6 5. b6 d6 6. Nc3 Nbd7 7. Nf3 g6 8. e4 Bg7
9. a4 a5 10. Bb5 O-O 11. O-O Nxb6 12. Re1 Bb7 13. Bf4 Nh5 14. Bg5 h6 15. Bh4
Qc7 16. Nd2 Nf4 17. Nc4 Nxc4 18. Bxc4 g5 19. Bg3 Ng6 20. Qh5 Bc8 21. Nd1 Rb8
22. Ra2 Rb4 23. b3 Nf4 24. Bxf4 gxf4 25. Qh4 e5 26. Nc3 f5 27. f3 fxe4 28. Nxe4
Bf5 29. Rae2 Qd8 30. Qh5 Bh7 31. Qh3 Bf5 32. Qh5 Kh7 33. g4 fxg3 34. hxg3 Bg6
35. Qh1 Rf5 36. Rh2 Rb7 37. Qg2 Kg8 38. Rf1 Rbf7 39. Bd3 Qb6 40. Kh1 Qxb3 41.
Qe2 Qb6 42. Nd2 R5f6 43. Ne4 Rf5 44. Nd2 R5f6 45. Ne4 Rf5 1/2-1/2

[Event "?"]
[Site "?"]
[Date "2004.03.31"]
[Round "10.10"]
[White "Cramling, P."]
[Black "Bojkovic, N."]
[Result "1-0"]
[WhiteElo "2488"]
[BlackElo "2391"]
[PlyCount "71"]
[EventDate "2004.03.21"]

1. d4 Nf6 2. Nf3 e6 3. c4 b6 4. g3 Ba6 5. Qb3 c6 6. Nc3 d5 7. cxd5 cxd5 8. Bf4
Bd6 9. Qa4+ Ke7 10. Ne5 Qe8 11. Qd1 Qc8 12. Bg2 Rd8 13. Rc1 Qb7 14. a3 Kf8 15.
O-O Qe7 16. Re1 h6 17. h4 Bb7 18. Nb5 Bxe5 19. dxe5 Ne8 20. Nd6 Na6 21. Qd4 Nc5
22. b4 Na6 23. Red1 Kg8 24. e4 dxe4 25. Qe3 Bd5 26. Nxe4 Nac7 27. Nf6+ gxf6 28.
exf6 Qd7 29. Bxc7 Nxc7 30. Qxh6 Ne8 31. Rd4 Nxf6 32. Qxf6 Kf8 33. Bxd5 exd5 34.
Re1 Kg8 35. Re5 Rac8 36. Rh5 1-0

[Event "?"]
[Site "?"]
[Date "2004.03.31"]
[Round "10.11"]
[White "Dzagnidze, N."]
[Black "Bosboom-Lanchava, T."]
[Result "1-0"]
[WhiteElo "2457"]
[BlackElo "2323"]
[PlyCount "91"]
[EventDate "2004.03.21"]

1. c4 g6 2. g3 f5 3. Bg2 Nf6 4. Nc3 Bg7 5. f4 O-O 6. Nf3 d6 7. O-O e5 8. d3 Nc6
9. e3 Kh8 10. d4 e4 11. Ne1 d5 12. c5 b6 13. cxb6 cxb6 14. Nc2 Ba6 15. Re1 Rf7
16. Bf1 Qc8 17. Nb5 Bf8 18. Bd2 Bb7 19. a4 a6 20. Nba3 Rg7 21. Qe2 g5 22. Kh1
Qe6 23. b4 Ne7 24. Rac1 Bc8 25. Na1 gxf4 26. exf4 Nc6 27. N3c2 a5 28. b5 Nb4
29. Nxb4 axb4 30. Rc6 Qf7 31. Rec1 Bb7 32. Rxb6 Rxa4 33. Bh3 Ne8 34. Nb3 Ra3
35. Nc5 Bxc5 36. dxc5 d4 37. c6 Bc8 38. Bxb4 Ra2 39. Qd1 Qd5 40. Bg2 Nc7 41.
Rb8 Rg8 42. b6 Na6 43. Bc3 Ra4 44. Qxa4 dxc3 45. c7 Nc5 46. Qa5 1-0

[Event "?"]
[Site "?"]
[Date "2004.03.31"]
[Round "10.12"]
[White "Dworakowska, J."]
[Black "Kovalevskaya, E."]
[Result "1/2-1/2"]
[WhiteElo "2370"]
[BlackElo "2451"]
[PlyCount "95"]
[EventDate "2004.03.21"]

1. e4 c5 2. Nf3 Nc6 3. d4 cxd4 4. Nxd4 e5 5. Nb5 d6 6. N1c3 Be6 7. Nd5 Rc8 8.
c4 Nf6 9. Bg5 Qa5+ 10. Bd2 Qd8 11. Bg5 Qa5+ 12. Bd2 Qd8 13. Bd3 Be7 14. O-O a6
15. Nbc3 O-O 16. b4 Bxd5 17. Nxd5 Nxd5 18. exd5 Nd4 19. Be3 Bf6 20. Bxd4 exd4
21. a4 Re8 22. a5 g6 23. g3 Qd7 24. Kg2 Re5 25. Re1 Rce8 26. Rxe5 Rxe5 27. h4
Kg7 28. Qf3 Qe7 29. Kf1 Qd7 30. Kg2 Qe7 31. Ra2 h5 32. Re2 Rxe2 33. Bxe2 Qc7
34. Qa3 Qe7 35. Qd3 Qc7 36. Qc2 Qd8 37. Bf3 Qc7 38. Be4 Be7 39. Bd3 b6 40. axb6
Qxb6 41. Qa4 Bd8 42. Qd7 Bf6 43. Qa4 Bd8 44. Qa3 Be7 45. Kf1 Bf8 46. Qa4 Be7
47. Qd7 Bf6 48. Qa4 1/2-1/2

[Event "?"]
[Site "?"]
[Date "2004.03.31"]
[Round "10.13"]
[White "Shaidullina, S."]
[Black "Gaponenko, I."]
[Result "0-1"]
[WhiteElo "2316"]
[BlackElo "2430"]
[PlyCount "110"]
[EventDate "2004.03.21"]

1. d4 Nf6 2. c4 e6 3. Nf3 d5 4. Nc3 Be7 5. Bg5 O-O 6. e3 Nbd7 7. cxd5 exd5 8.
Qc2 b6 9. Bd3 Bb7 10. O-O-O c5 11. h4 c4 12. Bf5 g6 13. Bxd7 Nxd7 14. Bh6 Re8
15. g4 a6 16. g5 b5 17. a3 b4 18. axb4 Bxb4 19. h5 Bc6 20. Kd2 Rb8 21. Ke2 Rb6
22. Nh4 Ba8 23. Na4 Rbe6 24. Rh3 Bc6 25. f4 Qb8 26. hxg6 fxg6 27. Rf1 Re4 28.
f5 Rxh4 29. Rff3 Rxh3 30. Rxh3 Re4 31. fxg6 hxg6 32. Kf2 Qb5 33. Nc3 Bxc3 34.
bxc3 Qb3 35. Qe2 Ba4 36. Rh1 Qc2 37. Qxc2 Bxc2 38. Ra1 Re6 39. Ra5 Be4 40. Kg3
Kf7 41. Ra2 Ke7 42. Bg7 Kd8 43. Rh2 a5 44. Rh8+ Re8 45. Rh2 Kc7 46. Rh7 a4 47.
Rh2 a3 48. Be5+ Nxe5 49. dxe5 Bb1 50. Rh7+ Kb6 51. Rd7 a2 52. Rd6+ Kb7 53. Rd7+
Kb8 54. e6 Rxe6 55. Rd8+ Kb7 0-1

[Event "?"]
[Site "?"]
[Date "2004.03.31"]
[Round "10.15"]
[White "Calzetta Ruiz, M."]
[Black "Paehtz, E."]
[Result "0-1"]
[WhiteElo "2291"]
[BlackElo "2399"]
[PlyCount "94"]
[EventDate "2004.03.21"]

1. e4 c5 2. Nf3 d6 3. d4 cxd4 4. Nxd4 Nf6 5. Nc3 a6 6. Be2 e5 7. Nb3 Be7 8. Bg5
Nbd7 9. a4 b6 10. Bc4 O-O 11. Qe2 Bb7 12. O-O h6 13. Bxf6 Nxf6 14. Rfd1 Qc7 15.
Nd5 Nxd5 16. Bxd5 Rac8 17. Bxb7 Qxb7 18. c4 Qc6 19. Rdc1 f5 20. Nd2 Bg5 21.
exf5 Rxf5 22. Rc3 Bxd2 23. Qxd2 Rf4 24. b3 d5 25. Rac1 d4 26. Rg3 a5 27. Re1
Rcf8 28. f3 Qd6 29. Qd3 R8f6 30. Re2 g5 31. Re1 Rf7 32. Re2 Kf8 33. Re1 Ke7 34.
Rh3 Kd7 35. c5 bxc5 36. Qb5+ Ke7 37. Rc1 d3 38. Rxc5 Qd4+ 39. Kf1 Qa1+ 40. Kf2
Qd4+ 41. Kf1 h5 42. Rxe5+ Kf6 43. Rxh5 d2 44. Rh6+ Kg7 45. Rxg5+ Kxh6 46. Rh5+
Kg7 47. Rg5+ Kf6 0-1

[Event "?"]
[Site "?"]
[Date "2004.03.31"]
[Round "10.16"]
[White "Mkrtchian, L."]
[Black "Olarasu, G."]
[Result "1-0"]
[WhiteElo "2395"]
[BlackElo "2311"]
[PlyCount "153"]
[EventDate "2004.03.21"]

1. d4 Nf6 2. Nf3 e6 3. c4 Bb4+ 4. Nbd2 c5 5. a3 Bxd2+ 6. Qxd2 cxd4 7. Nxd4 O-O
8. e3 d5 9. b4 a5 10. Bb2 axb4 11. axb4 Rxa1+ 12. Bxa1 Nc6 13. c5 Bd7 14. Be2
Qa8 15. O-O Qa4 16. Nxc6 bxc6 17. Qd4 e5 18. Qxe5 Qxb4 19. Qg3 Ne8 20. Bd4 Bf5
21. h4 Qb7 22. Ra1 f6 23. Qf4 Bc2 24. Ra6 Qd7 25. Rb6 Bf5 26. Bd1 Qd8 27. Rb8
Qd7 28. Ba4 Nc7 29. Rb7 Rc8 30. Bc3 d4 31. Qxd4 Qxd4 32. Bxd4 Ne6 33. f3 Nd8
34. Rb6 Bd7 35. e4 Kf7 36. Be3 Ra8 37. Bb3+ Be6 38. Kf2 h5 39. f4 Bxb3 40. Rxb3
g6 41. Rd3 f5 42. exf5 gxf5 43. Rd7+ Kg6 44. Rd6+ Kf7 45. Rd7+ Kg6 46. Rd6+ Kf7
47. Kf3 Rb8 48. Rd7+ Kg6 49. Rd6+ Kf7 50. Rd7+ Kg6 51. g3 Rc8 52. Rd6+ Kf7 53.
Rh6 Ne6 54. Rxh5 Kg6 55. g4 Rf8 56. Kg3 fxg4 57. Kxg4 Ng7 58. Rg5+ Kh7 59. f5
Re8 60. Kf4 Rf8 61. Kg4 Re8 62. Bf4 Re1 63. Kf3 Rf1+ 64. Ke4 Re1+ 65. Be3 Rf1
66. Bd4 Re1+ 67. Kf3 Ne8 68. Rh5+ Kg8 69. Rh6 Rf1+ 70. Kg4 Rd1 71. Be3 Re1 72.
Bg5 Rg1+ 73. Kh5 Kf7 74. Rh7+ Kg8 75. Kg6 Rg2 76. Rd7 Rg1 77. f6 1-0

[Event "?"]
[Site "?"]
[Date "2004.03.31"]
[Round "10.17"]
[White "Zakurdjaeva, I."]
[Black "Radziewicz, I."]
[Result "0-1"]
[WhiteElo "2244"]
[BlackElo "2442"]
[PlyCount "62"]
[EventDate "2004.03.21"]

1. e4 e6 2. d4 d5 3. e5 b6 4. Nf3 Qd7 5. Bd3 Ba6 6. O-O Bxd3 7. Qxd3 Ne7 8. b3
Nbc6 9. c4 Rd8 10. Rd1 Ng6 11. cxd5 Qxd5 12. Nc3 Qd7 13. h4 Bb4 14. d5 O-O 15.
Bb2 Nf4 16. Qc2 exd5 17. Ng5 g6 18. Rac1 Qg4 19. g3 Bxc3 20. Bxc3 Ne2+ 21. Kg2
Nxc1 22. Qxc1 Qf5 23. Ba1 Nxe5 24. Qxc7 Ng4 25. Nf3 Rc8 26. Qxa7 Nxf2 27. Rd2
Ne4 28. Re2 Qg4 29. Be5 Rfe8 30. Bf4 Nxg3 31. Rxe8+ Rxe8 0-1

[Event "?"]
[Site "?"]
[Date "2004.03.31"]
[Round "10.18"]
[White "Richards, H."]
[Black "Alexandrova, O."]
[Result "1/2-1/2"]
[WhiteElo "2236"]
[BlackElo "2437"]
[PlyCount "96"]
[EventDate "2004.03.21"]

1. e4 c5 2. c3 d5 3. exd5 Qxd5 4. d4 Nf6 5. Nf3 Bg4 6. dxc5 Qxc5 7. Na3 a6 8.
Qb3 Bxf3 9. gxf3 Qc7 10. Be3 Nbd7 11. Bg2 e6 12. f4 O-O-O 13. O-O-O Bc5 14. Kb1
Ng4 15. Bxc5 Nxc5 16. Qc2 Rxd1+ 17. Rxd1 Rd8 18. Rxd8+ Qxd8 19. Bf3 Nxh2 20.
Be2 Qd5 21. b4 Ne4 22. Nc4 Kb8 23. Ne3 Qc6 24. Kb2 f5 25. f3 Ng3 26. Qd3 Nxe2
27. Qxe2 Nxf3 28. Qd1 h6 29. Nc2 Qd5 30. Qe2 Qe4 31. Qd1 Qxf4 32. Qd8+ Ka7 33.
b5 Qb8 34. b6+ Ka8 35. Qe7 Ne5 36. Na3 Nc6 37. Qxg7 Qd8 38. Nc4 Qd5 39. Qf8+
Nb8 40. Nd6 Qc6 41. Qd8 Qd7 42. Qf8 e5 43. c4 e4 44. c5 e3 45. Ne8 Qd4+ 46. Kb3
Qd3+ 47. Kb2 Qd2+ 48. Kb3 Qd3+ 1/2-1/2

[Event "?"]
[Site "?"]
[Date "2004.03.31"]
[Round "10.19"]
[White "Pogonina, N."]
[Black "Shmirina, E."]
[Result "1-0"]
[WhiteElo "2382"]
[BlackElo "2135"]
[PlyCount "53"]
[EventDate "2004.03.21"]

1. e4 e6 2. d4 d5 3. Nd2 Nf6 4. e5 Ne4 5. Bd3 Nxd2 6. Bxd2 c5 7. dxc5 Nd7 8.
Nf3 Nxc5 9. Be2 Bd7 10. O-O Qb6 11. Bc3 Bb5 12. Bd4 Bxe2 13. Qxe2 Be7 14. Qe3
Qc7 15. Rac1 Nd7 16. c4 dxc4 17. b3 b5 18. a4 a6 19. bxc4 bxc4 20. Nd2 O-O 21.
Nxc4 Bc5 22. Rfd1 Rab8 23. Rd3 Rfd8 24. Bxc5 Qxc5 25. Rxd7 Qb4 26. Rxd8+ Rxd8
27. Qb6 1-0

[Event "?"]
[Site "?"]
[Date "2004.03.31"]
[Round "10.20"]
[White "Sharevich, A."]
[Black "Djingarova, E."]
[Result "1/2-1/2"]
[WhiteElo "2236"]
[BlackElo "2344"]
[PlyCount "50"]
[EventDate "2004.03.21"]

1. d4 d5 2. c4 c6 3. Nf3 Nf6 4. Nbd2 Bf5 5. g3 e6 6. Bg2 Be7 7. O-O Ne4 8. Ne1
Nxd2 9. Bxd2 dxc4 10. e4 Bg6 11. Bc3 O-O 12. a4 Nd7 13. d5 cxd5 14. exd5 exd5
15. Qxd5 Nc5 16. Qxc4 Rc8 17. Bh3 Rc6 18. Qg4 Bf6 19. Rd1 Qe7 20. Bg2 Ra6 21.
Bxf6 Qxf6 22. b4 Rxa4 23. Qc4 Ne6 24. Qb5 Ra2 25. Qxb7 Bh5 1/2-1/2

[Event "?"]
[Site "?"]
[Date "2004.03.31"]
[Round "10.21"]
[White "Mietzner, T."]
[Black "Mamedjarova, Z."]
[Result "0-1"]
[WhiteElo "2201"]
[BlackElo "2341"]
[PlyCount "82"]
[EventDate "2004.03.21"]

1. e4 d5 2. exd5 Nf6 3. d4 Nxd5 4. Nf3 Bg4 5. c4 Nb6 6. c5 N6d7 7. Qb3 Bxf3 8.
Qxf3 c6 9. Bc4 e6 10. Qb3 b6 11. O-O bxc5 12. Re1 Be7 13. Be3 O-O 14. Qb7 Nb6
15. dxc5 Nxc4 16. Qxa8 Nxe3 17. fxe3 Qc7 18. Nc3 Nd7 19. Qxf8+ Bxf8 20. b4 Nf6
21. Rad1 Qe5 22. Rd4 g6 23. h3 Bh6 24. Rd3 Qg3 25. Re2 Bf4 26. Kf1 Be5 27. Nd1
Qh2 28. Nf2 Bg3 29. e4 Bxf2 30. Kxf2 Qf4+ 31. Kg1 Nxe4 32. Rd7 h5 33. Rxa7 Ng3
34. Re1 Qxb4 35. Ra8+ Kg7 36. Rd1 Qxc5+ 37. Kh2 Qe5 38. a4 Nf5+ 39. Kh1 Qe2 40.
Rad8 Ne3 41. R8d2 Qxd1+ 0-1

[Event "?"]
[Site "?"]
[Date "2004.03.31"]
[Round "10.23"]
[White "Muhren, B."]
[Black "Calotescu, A."]
[Result "1/2-1/2"]
[WhiteElo "2135"]
[BlackElo "2290"]
[PlyCount "75"]
[EventDate "2004.03.21"]

1. e4 c5 2. Nf3 d6 3. d4 cxd4 4. Nxd4 Nf6 5. Nc3 a6 6. Be3 e5 7. Nb3 Be7 8. f3
Be6 9. Qd2 O-O 10. O-O-O Qc7 11. g4 Rc8 12. g5 Nh5 13. Kb1 Nd7 14. Nd5 Bxd5 15.
exd5 Nb6 16. Rg1 a5 17. Qf2 Nc4 18. Bxc4 Qxc4 19. Rg4 Qb5 20. a4 Qd7 21. Bb6
Nf4 22. Be3 b5 23. Bxf4 bxa4 24. Nd4 exd4 25. Rd3 Rab8 26. Bc1 Qf5 27. Rgxd4
Bxg5 28. Bxg5 Qxg5 29. Rxa4 Rc5 30. Rg4 Qe5 31. Qd4 Rxd5 32. Qxe5 Rxe5 33. Rxd6
h5 34. Rgd4 Re1+ 35. Ka2 Re2 36. Rd2 Re3 37. R2d3 Re2 38. Rd2 1/2-1/2

[Event "?"]
[Site "?"]
[Date "2004.03.31"]
[Round "10.24"]
[White "Bashkite, V."]
[Black "Chasovnikova, E."]
[Result "0-1"]
[WhiteElo "2119"]
[BlackElo "2277"]
[PlyCount "56"]
[EventDate "2004.03.21"]

1. e4 c5 2. Nf3 Nc6 3. Bb5 g6 4. O-O Bg7 5. Re1 e5 6. Bxc6 dxc6 7. h3 Qe7 8. b3
Nf6 9. Bb2 Nh5 10. Nc3 Nf4 11. Ne2 g5 12. Nxf4 gxf4 13. c3 Be6 14. Qe2 O-O-O
15. Rad1 Rhg8 16. Kh2 Bh8 17. d4 Rg6 18. d5 cxd5 19. exd5 Bxd5 20. c4 Rdg8 21.
Rg1 Bc6 22. Rde1 e4 23. Bxh8 Rxg2+ 24. Rxg2 Rxg2+ 25. Kh1 Qe6 26. Ng1 e3 27. f3
Rxe2 28. Rxe2 Bxf3+ 0-1

[Event "?"]
[Site "?"]
[Date "2004.03.31"]
[Round "10.25"]
[White "Jelica, M."]
[Black "Stepovaia, T."]
[Result "1-0"]
[WhiteElo "2222"]
[BlackElo "2374"]
[PlyCount "77"]
[EventDate "2004.03.21"]

1. e4 c5 2. Nc3 Nc6 3. f4 e6 4. Nf3 d5 5. Bb5 Nge7 6. Ne5 Bd7 7. Nxd7 Qxd7 8.
d3 a6 9. Bxc6 Qxc6 10. O-O d4 11. Ne2 f5 12. Ng3 O-O-O 13. exf5 exf5 14. Bd2 g6
15. c4 dxc3 16. Bxc3 Rg8 17. Rc1 Nd5 18. Be5 h5 19. Rf3 Bd6 20. d4 Nc7 21. Qb3
Rge8 22. Bxd6 Qxd6 23. dxc5 Qd4+ 24. Kh1 Qd2 25. Rg1 h4 26. Nf1 Qc1 27. Ne3
Qxc5 28. Nc4 Kb8 29. Ne5 Re6 30. h3 Rd4 31. Rc3 Qd5 32. Qc2 Rd2 33. Qc1 Ne8 34.
Rc8+ Ka7 35. a4 Nd6 36. Rc5 Qd4 37. Nf3 Qf2 38. Nxd2 Re2 39. Rd5 1-0

[Event "?"]
[Site "?"]
[Date "2004.03.31"]
[Round "10.26"]
[White "Makka, I."]
[Black "Muzychuk, A."]
[Result "1-0"]
[WhiteElo "2205"]
[BlackElo "2367"]
[PlyCount "81"]
[EventDate "2004.03.21"]

1. e4 c5 2. Nf3 e6 3. d4 cxd4 4. Nxd4 a6 5. Bd3 Bc5 6. Nb3 Ba7 7. c4 Nc6 8. Nc3
Nge7 9. O-O d6 10. Qe2 e5 11. Be3 Bxe3 12. Qxe3 Be6 13. Rfd1 Rc8 14. Rac1 Ng6
15. Bf1 Rc7 16. Na4 Qe7 17. Nb6 O-O 18. Nd5 Bxd5 19. cxd5 Nd8 20. Rxc7 Qxc7 21.
Rc1 Qe7 22. Qb6 f5 23. Rc7 Qg5 24. Qxd6 fxe4 25. Rc3 Qf4 26. Qb6 Nf7 27. Qe3
Nd6 28. Nc5 Qf6 29. Nd7 Qe7 30. Nxf8 Qxf8 31. g3 Ne7 32. Bh3 h6 33. Be6+ Kh7
34. f3 exf3 35. Qxf3 Qd8 36. Qf2 Qa5 37. Qc5 Qxc5+ 38. Rxc5 Kg6 39. Rc7 Kf6 40.
Rd7 Nec8 41. Rd8 1-0

[Event "?"]
[Site "?"]
[Date "2004.03.31"]
[Round "10.28"]
[White "Lagvilava, G."]
[Black "Yildiz, B."]
[Result "0-1"]
[WhiteElo "2302"]
[BlackElo "2118"]
[PlyCount "114"]
[EventDate "2004.03.21"]

1. e4 c5 2. Nc3 e6 3. g3 d5 4. d3 Nf6 5. Bg2 dxe4 6. Nxe4 Nxe4 7. Bxe4 Bd6 8.
Ne2 Qc7 9. Nc3 Bd7 10. O-O Bc6 11. a4 a6 12. Qe2 Nd7 13. a5 Nf6 14. Bxc6+ Qxc6
15. b3 h5 16. h4 O-O-O 17. Ra4 Bc7 18. Be3 Nd5 19. Rc4 Nxe3 20. Qxe3 Rd4 21.
Rxd4 cxd4 22. Qxd4 f6 23. Qb4 g5 24. Ne2 Qf3 25. Re1 e5 26. Nc3 gxh4 27. Qxh4
Bxa5 28. Re3 Qc6 29. Ne2 Bb6 30. Re4 Kb8 31. c3 Qd6 32. d4 exd4 33. Nxd4 Bxd4
34. Rxd4 Qe6 35. c4 Qe1+ 36. Kg2 Qe5 37. Rd5 Qb2 38. Qf4+ Ka8 39. Qf3 h4 40.
Rd7 Rb8 41. Rd6 Qa3 42. Rxf6 hxg3 43. fxg3 Qb2+ 44. Kf1 Qa1+ 45. Kg2 Qb2+ 46.
Kg1 Qb1+ 47. Kf2 Qb2+ 48. Kf1 Qa1+ 49. Kg2 Qb2+ 50. Kh3 Rh8+ 51. Kg4 Rg8+ 52.
Kf5 Qxf6+ 53. Kxf6 Rf8+ 54. Ke5 Rxf3 55. g4 Rxb3 56. g5 Rc3 57. g6 Rxc4 0-1

[Event "?"]
[Site "?"]
[Date "2004.03.31"]
[Round "10.29"]
[White "Vasiliev, O."]
[Black "Malysheva, P."]
[Result "0-1"]
[WhiteElo "2156"]
[BlackElo "2281"]
[PlyCount "90"]
[EventDate "2004.03.21"]

1. e4 e5 2. Nf3 Nc6 3. Bb5 a6 4. Ba4 d6 5. c3 f5 6. d4 fxe4 7. Ng5 d5 8. Nxe4
b5 9. Bc2 dxe4 10. d5 Nce7 11. Qh5+ Ng6 12. Bxe4 Qd6 13. O-O Nh6 14. h3 Nf7 15.
b3 Bb7 16. c4 Be7 17. Re1 O-O 18. Be3 Qf6 19. Nd2 Nd6 20. Bd3 Nf5 21. Ne4 Qh4
22. Qxh4 Ngxh4 23. Bc5 Nd6 24. Ba3 bxc4 25. bxc4 Rae8 26. Nc5 Ndf5 27. Rab1 Bc8
28. Rb8 Nd4 29. Be4 Bd6 30. Ra8 g5 31. Re3 Nhf5 32. Rd3 Ne2+ 33. Kh2 Nfd4 34.
f3 Nc2 35. Nxa6 Bxa6 36. Rxe8 Rxe8 37. Bxd6 cxd6 38. Rb3 Bxc4 39. Rb7 Ne3 40.
Bxh7+ Kh8 41. Rd7 Rc8 42. h4 g4 43. fxg4 Nf1+ 44. Kh1 Bb5 45. Rf7 Nfg3+ 0-1

[Event "?"]
[Site "?"]
[Date "2004.03.31"]
[Round "10.30"]
[White "Makropoulou, M."]
[Black "Mammadova, N."]
[Result "1-0"]
[WhiteElo "2266"]
[BlackElo "2104"]
[PlyCount "59"]
[EventDate "2004.03.21"]

1. e4 c5 2. Nf3 d6 3. d4 cxd4 4. Nxd4 Nf6 5. Nc3 e6 6. Be2 a6 7. O-O Be7 8. f4
O-O 9. Kh1 Qc7 10. Be3 Nc6 11. Qe1 Bd7 12. Rd1 b5 13. a3 Qb7 14. Qg3 Nxd4 15.
Bxd4 Bc6 16. Bf3 Rac8 17. Rde1 Rfd8 18. Nd1 g6 19. Nf2 a5 20. c3 Ne8 21. Ng4
Bf8 22. Qh4 Bg7 23. Bxg7 Kxg7 24. e5 dxe5 25. fxe5 Bxf3 26. Qh6+ Kg8 27. Rxf3
Qe4 28. Ref1 f5 29. exf6 Rd7 30. f7+ 1-0